| 000 | 00498nam a2200181Ia 4500 | ||
|---|---|---|---|
| 001 | 20782 | ||
| 005 | 20260306172831.0 | ||
| 008 | 260306t2018||||xx |||||||||||||| ||spa|| | ||
| 041 | _aESP | ||
| 082 |
_a343.8 _bC24 |
||
| 100 |
_aCamacho Villaflor, Carlos Alexis _eAUT |
||
| 245 | 0 |
_a¿Cómo se pronuncia la SUNAT?: _bguía práctica de sus pronunciamientos más relevantes |
|
| 260 | _c2018 | ||
| 300 |
_a254 páginas : _c24 cm. |
||
| 650 | _aGEN | ||
| 654 | _aCDE | ||
| 942 |
_cLIB _dJUS _fJUS _2ddc _n |
||
| 999 |
_c20782 _d20782 |
||